South of the moon : (Record no. 13208)

MARC details
000 -LEADER
fixed length control field 00618nam a22001932 4500
001 - CONTROL NUMBER
control field 0000009621
005 - DATE AND TIME OF LATEST TRANSACTION
control field 20151217155841.0
008 - FIXED-LENGTH DATA ELEMENTS--GENERAL INFORMATION
fixed length control field 081113s xx 000 0 eng d
040 ## - CATALOGING SOURCE
Original cataloging agency KABU
Transcribing agency KABU
100 1# - MAIN ENTRY--PERSONAL NAME
Personal name Littel, Blaine.
-- 0000161357
245 10 - TITLE STATEMENT
Title South of the moon :
Remainder of title on Stanley's trail through the dark continent /
Statement of responsibility, etc. Blaine Littel.
250 ## - EDITION STATEMENT
Edition statement 1st ed.
260 ## - PUBLICATION, DISTRIBUTION, ETC. (IMPRINT)
Place of publication, distribution, etc. London :
Name of publisher, distributor, etc. Weidenfeld and Nicolson,
Date of publication, distribution, etc. 1966.
300 ## - PHYSICAL DESCRIPTION
Extent 300 p.
651 #0 - SUBJECT ADDED ENTRY--GEOGRAPHIC NAME
Geographic name Africa, Central
General subdivision Description and travel.
-- 0000148674
852 1# - LOCATION
-- p500 KES
908 ## - PUT COMMAND PARAMETER (RLIN)
Put command parameter 081113
950 ## - LOCAL HOLDINGS (RLIN)
-- 1
Holdings
Withdrawn status Lost status Source of classification or shelving scheme Not for loan Home library Current library Date acquired Total Checkouts Full call number Barcode Date last seen Price effective from Koha item type
    Library of Congress Classification   Kabarak, Main Campus Kabarak, Main Campus 17/12/2015   DT352 .L58 c. 1 15482 17/12/2015 17/12/2015 Africana Collection
Designed with assistance from East African Informatics Ltd